Isabel la Católica en la opinión de españoles y extranjeros (Record no. 132171)
[ view plain ]
| 000 -LEADER | |
|---|---|
| campo de control de longitud fija | 00786nam a2200193 i 4500 |
| 001 - NÚMERO DE CONTROL | |
| campo de control | 132171 |
| 003 - IDENTIFICADOR DE NÚMERO DE CONTROL | |
| campo de control | ES-MaACL |
| 005 - FECHA Y HORA DE LA ÚLTIMA TRANSACCIÓN | |
| campo de control | 20230906194123.0 |
| 007 - CAMPO FIJO DE DESCRIPCIÓN FÍSICA--INFORMACIÓN GENERAL | |
| campo de control de longitud fija | t| |
| 008 - DATOS DE LONGITUD FIJA--INFORMACIÓN GENERAL | |
| campo de control de longitud fija | 070214s1970 sp |||| |dspa d |
| 100 1# - ENTRADA PRINCIPAL--NOMBRE DE PERSONA | |
| Nombre de persona | Rodríguez Valencia, Vicente. |
| 9 (RLIN) | 98849 |
| 245 10 - MENCIÓN DEL TÍTULO | |
| Título | Isabel la Católica en la opinión de españoles y extranjeros |
| Resto del título | : siglos XV al XX / |
| Mención de responsabilidad, etc. | Vicente Rodríguez Valencia. |
| 260 ## - PUBLICACIÓN, DISTRIBUCIÓN, ETC. | |
| Lugar de publicación, distribución, etc. | Valladolid : |
| Nombre del editor, distribuidor, etc. | Instituto "Isabel la Católica" de Historia Eclesiástica, |
| Fecha de publicación, distribución, etc. | 1970. |
| 300 ## - DESCRIPCIÓN FÍSICA | |
| Extensión | 3 v. ; |
| Dimensiones | 24 cm. |
| 505 8# - NOTA DE CONTENIDO CON FORMATO | |
| Nota de contenido con formato | Contiene: I ; |
| Título | Siglos XV al XVI - II ; |
| -- | Siglos XVII al XX - III ; |
| -- | Apéndices |
| 600 04 - PUNTO DE ACCESO ADICIONAL DE MATERIA--NOMBRE DE PERSONA | |
| Nombre de persona | Isabel |
| Numeración | I, |
| Títulos y otros términos asociados al nombre | Reina de Castilla- |
| Subdivisión de forma | Fuentes. |
| 9 (RLIN) | 167809 |
| 710 2# - ENTRADA AGREGADA--NOMBRE DE ENTIDAD CORPORATIVA | |
| Nombre de entidad corporativa o nombre de jurisdicción como elemento de entrada | Instituto "Isabel la Católica" de Historia Eclesiástica. |
| 9 (RLIN) | 5102 |
| 852 ## - LOCALIZACIÓN | |
| Ubicación | ES-MaACL |
| Número de control de estantería | P-1621 |
| Estatus retirado | Estado de pérdida | Estado de daño | No para préstamo | Biblioteca de origen | Biblioteca actual | Ubicación en estantería | Fecha de adquisición | Fuente de adquisición | Total de préstamos | Signatura topográfica completa | Código de barras | Visto por última vez | Precio de reemplazo | Tipo de ítem Koha |
|---|---|---|---|---|---|---|---|---|---|---|---|---|---|---|
| Biblioteca del Ateneo de Madrid | Biblioteca del Ateneo de Madrid | Depósito 2 | 17/01/2008 | P-1621 | 1137604 | 23/02/2023 | 23/02/2023 | Libro impreso |
